[Event "XXXII Festival Conca della Presolana Magistrale"]
[Site "Bratto - Castione della Presolana ITA"]
[Date "2012.08.24"]
[Round "7"]
[White "Castaldo, Folco"]
[Black "Gioseffi, Massimiliano"]
[WhiteElo "2432"]
[BlackElo "2128"]
[Result "1/2-1/2"]
[PlyCount "106"]
[EventDate "2012.08.18"]

1. e4 e6 2. f4 d5 3. e5 c5 4. Nf3 Nc6 5. c3 Nh6 6. Na3 Be7 7. Nc2 O-O 8. d4
cxd4 9. cxd4 f6 10. Be2 Qa5+ 11. Bd2 Qb6 12. Bc3 Bd7 13. O-O fxe5 14. fxe5 Nf7
15. Kh1 Ng5 16. Nxg5 Bxg5 17. Qd3 Qd8 18. Qh3 Qe7 19. Bd3 g6 20. a3 Rxf1+ 21.
Rxf1 Rf8 22. g3 Rxf1+ 23. Qxf1 Qf8 24. Qe2 Qh6 25. Kg2 Qh5 26. Qf1 Qh6 27. Qf2
Qf8 28. Qe2 Qh6 29. h4 Bd8 30. Ne3 Qg7 31. Ng4 h5 32. Nh2 Bb6 33. Nf3 Be8 34.
g4 Bd8 35. g5 Qf7 36. Bd2 Ne7 37. Be3 Nf5 38. Bf2 Bd7 39. Qc2 Bb6 40. Qc3 Kg7
41. Qb4 Qe7 42. Qxe7+ Nxe7 43. Ng1 Ba4 44. Ne2 Bd1 45. Nf4 Bg4 46. Bb5 Bf5 47.
Bd7 Kf7 48. Kf3 Nc6 49. Bxc6 bxc6 50. Ke2 Ke7 51. Kd2 Kd7 52. Ne2 Kc7 53. Nc3
Ba5 1/2-1/2

[Event "XXXII Festival Conca della Presolana Magistrale"]
[Site "Bratto - Castione della Presolana ITA"]
[Date "2012.08.24"]
[Round "7"]
[White "Cebalo, Miso"]
[Black "Ranieri, Fabrizio"]
[WhiteElo "2435"]
[BlackElo "2287"]
[Result "1-0"]
[PlyCount "147"]
[EventDate "2012.08.18"]

1. c4 e6 2. g3 d5 3. Bg2 Nf6 4. Nf3 dxc4 5. Na3 Bxa3 6. bxa3 b5 7. Bb2 Bb7 8.
O-O O-O 9. Qc2 Nbd7 10. d3 cxd3 11. Qxd3 Be4 12. Qxb5 Qb8 13. a4 a6 14. Qxb8
Raxb8 15. Ba3 c5 16. Nd2 Bxg2 17. Kxg2 Rfc8 18. Rfc1 Nd5 19. a5 Rb5 20. Nc4
Rcb8 21. Rd1 f5 22. Rac1 h6 23. f3 N7f6 24. Kf2 Kh7 25. Rd2 Rb1 26. Rxb1 Rxb1
27. Bb2 f4 28. gxf4 Nxf4 29. Rd6 N6d5 30. Rd7 Kg8 31. Rxg7+ Kf8 32. Rg4 Kf7 33.
Be5 h5 34. Nd6+ Kf8 35. Rxf4+ Nxf4 36. Bxf4 Ke7 37. Ne4 c4 38. Be5 Kd7 39. Nc5+
Kc6 40. Nxa6 Kb5 41. Nc7+ Kxa5 42. Nxe6 Kb4 43. Nf4 Rh1 44. Nd5+ Ka3 45. Nc3
Kb2 46. a4 Kb3 47. h4 Rc1 48. f4 Rxc3 49. Bxc3 Kxc3 50. a5 Kb2 51. a6 c3 52. a7
c2 53. a8=Q c1=Q 54. Qb7+ Ka2 55. Qa6+ Kb2 56. Qb5+ Ka2 57. Qa5+ Kb2 58. Qe5+
Ka2 59. f5 Qh1 60. Qf4 Qd5 61. f6 Qf7 62. Qe5 Kb1 63. Qe7 Qc4 64. Qh7+ Kc1 65.
Qf5 Qxh4+ 66. Kg2 Qc4 67. e4 Qf7 68. Kh3 h4 69. Kxh4 Qf8 70. f7 Kd1 71. Qf6 Kc1
72. Kh5 Kb1 73. Kg6 Kc2 74. e5 1-0

[Event "XXXII Festival Conca della Presolana Magistrale"]
[Site "Bratto - Castione della Presolana ITA"]
[Date "2012.09.24"]
[Round "7"]
[White "Ceccarini, Marco"]
[Black "Ramondino, Renzo"]
[WhiteElo "2058"]
[BlackElo "2231"]
[Result "0-1"]
[PlyCount "68"]
[EventDate "2012.08.18"]

1. e4 c5 2. Nc3 Nc6 3. g3 g6 4. Bg2 Bg7 5. d3 d6 6. Be3 Rb8 7. Qd2 b5 8. Nge2
b4 9. Nd1 e5 10. O-O Nge7 11. Bh6 O-O 12. Bxg7 Kxg7 13. Ne3 Be6 14. f4 f6 15.
g4 exf4 16. Nxf4 Bg8 17. Rf2 Ne5 18. Raf1 Qb6 19. b3 Rbd8 20. h4 h6 21. Nxg6
N5xg6 22. g5 fxg5 23. hxg5 hxg5 24. Nf5+ Nxf5 25. exf5 Nf4 26. Rxf4 gxf4 27.
Qxf4 d5 28. Qg5+ Kh8 29. f6 Rf7 30. Rf4 Bh7 31. Kf1 Qe6 32. Qh4 Rdf8 33. Bh3
Rxf6 34. Bxe6 Rxf4+ 0-1

[Event "XXXII Festival Conca della Presolana Magistrale"]
[Site "Bratto - Castione della Presolana ITA"]
[Date "2012.08.24"]
[Round "7"]
[White "Colovic, Aleksandar"]
[Black "Brun, Dario"]
[WhiteElo "2449"]
[BlackElo "2262"]
[Result "1-0"]
[PlyCount "81"]
[EventDate "2012.08.18"]

1. d4 d5 2. c4 c6 3. Nc3 dxc4 4. e4 b5 5. a4 b4 6. Nce2 Ba6 7. Nf3 Nf6 8. Ng3
e6 9. Bg5 Qa5 10. Rc1 c3 11. bxc3 bxc3 12. Qb3 Bb4 13. Bxa6 Nxa6 14. O-O Nd7
15. Qc4 Rc8 16. d5 exd5 17. exd5 O-O 18. Qg4 f5 19. Nxf5 Qxd5 20. Nh6+ Kh8 21.
Rcd1 Ne5 22. Nxe5 Qxe5 23. Nf7+ Rxf7 24. Qxc8+ Rf8 25. Rd8 Kg8 26. Qxa6 Qxg5
27. Qc4+ Kh8 28. Rxf8+ Bxf8 29. Qxc3 Qd5 30. Rc1 c5 31. g3 h6 32. h4 Be7 33.
Qc4 Qd2 34. Rb1 Qd6 35. Re1 Bf6 36. Re8+ Kh7 37. Qe4+ g6 38. h5 Qd1+ 39. Kg2
Qxh5 40. Qb7+ Bg7 41. Re7 1-0

[Event "XXXII Festival Conca della Presolana Magistrale"]
[Site "Bratto - Castione della Presolana ITA"]
[Date "2012.08.24"]
[Round "7"]
[White "Cugini, Verter"]
[Black "Prelati, Maurizio"]
[WhiteElo "2072"]
[BlackElo "1991"]
[Result "1-0"]
[PlyCount "118"]
[EventDate "2012.08.18"]

1. e4 c5 2. g3 Nc6 3. Bg2 g6 4. Ne2 Bg7 5. O-O Nf6 6. Nbc3 O-O 7. d3 d6 8. h3
Rb8 9. a4 a6 10. Be3 b5 11. axb5 axb5 12. d4 b4 13. Nd5 Nd7 14. c3 bxc3 15.
bxc3 e6 16. Ndf4 Qc7 17. d5 exd5 18. Nxd5 Qd8 19. Qc1 Re8 20. Bg5 f6 21. Bh6
Nb6 22. Bxg7 Kxg7 23. Nef4 Ne5 24. Ra7+ Rb7 25. Qa1 Nec4 26. Rb1 Nxd5 27. Nxd5
Rf7 28. Rxf7+ Kxf7 29. Qa7+ Qd7 30. Qxd7+ Bxd7 31. Rb7 Rd8 32. Bf1 Nd2 33. Bg2
g5 34. f3 h5 35. Kf2 Ke6 36. h4 Kf7 37. Bf1 Nxf1 38. Kxf1 Kg6 39. Kf2 Be6 40.
Nb6 Ba2 41. hxg5 fxg5 42. Ke3 d5 43. Rd7 Rxd7 44. Nxd7 dxe4 45. fxe4 c4 46.
Ne5+ Kf6 47. Nf3 Kg6 48. Kd4 Bb3 49. Kd5 Kf6 50. e5+ Kf5 51. e6 Kg4 52. e7 Ba4
53. Ne5+ Kxg3 54. Nc6 h4 55. e8=Q Bxc6+ 56. Qxc6 g4 57. Kxc4 Kh2 58. Qe4 Kh3
59. Qh1+ Kg3 1-0

[Event "XXXII Festival Conca della Presolana Magistrale"]
[Site "Bratto - Castione della Presolana ITA"]
[Date "2012.08.24"]
[Round "7"]
[White "Das, Arghyadip"]
[Black "Lanzani, Mario"]
[WhiteElo "2479"]
[BlackElo "2291"]
[Result "1-0"]
[PlyCount "53"]
[EventDate "2012.08.18"]

1. e4 c6 2. Nc3 d5 3. Qe2 d4 4. Nd1 c5 5. g3 Nc6 6. d3 e5 7. Bg2 Be7 8. f4 exf4
9. Bxf4 Nf6 10. Nf3 Qa5+ 11. c3 c4 12. O-O Bg4 13. dxc4 dxc3 14. Nxc3 O-O 15.
Kh1 Rae8 16. Qd3 Bxf3 17. Qxf3 Bb4 18. Nd5 Nxe4 19. Qd3 Nc5 20. Qd1 Ne6 21.
Nxb4 Nxb4 22. a3 Nc6 23. b4 Qb6 24. Bd6 Ne7 25. c5 Qb5 26. Qf3 b6 27. Qb7 1-0

[Event "XXXII Festival Conca della Presolana Magistrale"]
[Site "Bratto - Castione della Presolana ITA"]
[Date "2012.08.24"]
[Round "7"]
[White "Formento, Paolo"]
[Black "Alberton, Roberto"]
[WhiteElo "2147"]
[BlackElo "2108"]
[Result "1-0"]
[PlyCount "133"]
[EventDate "2012.08.18"]

1. e4 d6 2. d4 Nf6 3. Nc3 e5 4. dxe5 dxe5 5. Qxd8+ Kxd8 6. Bg5 Be6 7. f4 h6 8.
O-O-O+ Kc8 9. Bxf6 gxf6 10. f5 Bd7 11. Nd5 Bg7 12. Kb1 c6 13. Ne3 b5 14. g4 Na6
15. Ne2 h5 16. gxh5 Rxh5 17. h4 Kc7 18. Ng3 Rh7 19. Ng4 Nc5 20. h5 Rg8 21. Be2
Be8 22. Rh3 Nd7 23. h6 Bf8 24. Rdh1 Kd8 25. a3 Ke7 26. b3 Kd6 27. Kb2 Be7 28.
Nh5 Kc7 29. Ng3 Bf8 30. Nf1 a6 31. Nd2 Be7 32. Rh4 Nc5 33. c4 Nd7 34. cxb5 axb5
35. Bd3 Bc5 36. Nf3 Be7 37. Nd2 Bf8 38. Be2 Bc5 39. Ka2 Be7 40. Rc1 Kb7 41. a4
bxa4 42. bxa4 Nc5 43. Rc4 Na6 44. Kb3 Bd7 45. Nf1 Rb8 46. Ng3 Kc7+ 47. Kc2 Nb4+
48. Kd2 c5 49. Bd1 Rd8 50. Ke3 Bc8 51. Be2 Bd7 52. Nh5 Bxa4 53. Nhxf6 Rhh8 54.
Rh5 Bb5 55. Rc3 Bxe2 56. Kxe2 Rd6 57. Rxc5+ Kb6 58. Rc4 Kb5 59. Rxb4+ Kxb4 60.
Nd5+ Rxd5 61. exd5 f6 62. Ke3 Rh7 63. Ke4 Kc5 64. Rh1 Kd6 65. Ra1 Kd7 66. Ra7+
Kd8 67. d6 1-0

[Event "XXXII Festival Conca della Presolana Magistrale"]
[Site "Bratto - Castione della Presolana ITA"]
[Date "2012.08.24"]
[Round "7"]
[White "Gagliardi, Christian"]
[Black "Bresciani, Nicola"]
[WhiteElo "2217"]
[BlackElo "2255"]
[Result "1/2-1/2"]
[PlyCount "53"]
[EventDate "2012.08.18"]

1. d4 Nf6 2. Nf3 e6 3. Bf4 c5 4. c3 b6 5. e3 Bb7 6. Bd3 cxd4 7. exd4 Be7 8. h3
O-O 9. Nbd2 d6 10. O-O Nbd7 11. Re1 Re8 12. a4 a6 13. Rc1 Bf8 14. Bb1 Rc8 15.
Ng5 h6 16. Ngf3 Nd5 17. Bg3 b5 18. axb5 axb5 19. Bd3 Bc6 20. Qb3 Rb8 21. Ra1
N7f6 22. Bf1 Qd7 23. Ra5 Nc7 24. Rea1 Ra8 25. Rxa8 Rxa8 26. Rxa8 Nxa8 27. Qa2
1/2-1/2

[Event "XXXII Festival Conca della Presolana Magistrale"]
[Site "Bratto - Castione della Presolana ITA"]
[Date "2012.08.24"]
[Round "7"]
[White "Genocchio, Daniele"]
[Black "Panchanathan, Magesh Chandran"]
[WhiteElo "2440"]
[BlackElo "2564"]
[Result "0-1"]
[PlyCount "62"]
[EventDate "2012.08.18"]

1. e4 e5 2. Nf3 Nc6 3. d4 exd4 4. Nxd4 Nf6 5. Nxc6 bxc6 6. e5 Qe7 7. Qe2 Nd5 8.
c4 Ba6 9. Nd2 g6 10. Nf3 Qb4+ 11. Kd1 Rb8 12. a3 Qa4+ 13. Qc2 Qxc2+ 14. Kxc2
Nb6 15. b3 Bg7 16. Bf4 d5 17. exd6 Bxa1 18. dxc7 Ra8 19. c5 Bxf1 20. cxb6 axb6
21. Rxf1 Bf6 22. Rd1 Ke7 23. g4 Ra5 24. g5 Bg7 25. Bd6+ Ke6 26. Bb4 Rd5 27.
Re1+ Kd7 28. Re7+ Kc8 29. Rxf7 Rd7 30. Rf4 Re8 31. Bd2 Re2 0-1

[Event "XXXII Festival Conca della Presolana Magistrale"]
[Site "Bratto - Castione della Presolana ITA"]
[Date "2012.08.24"]
[Round "7"]
[White "Giretti Kanev, Jasen"]
[Black "Vezzosi, Paolo"]
[WhiteElo "2189"]
[BlackElo "2309"]
[Result "0-1"]
[PlyCount "78"]
[EventDate "2012.08.18"]

1. e4 e6 2. Qe2 c5 3. Nf3 b6 4. g3 Ba6 5. d3 Nc6 6. Bg2 Rc8 7. Bg5 Be7 8. h4 d6
9. c4 b5 10. Nbd2 Nf6 11. O-O O-O 12. Rac1 h6 13. Bf4 e5 14. Be3 Rb8 15. b3 Nd4
16. Qd1 Qa5 17. Nh2 Bc8 18. g4 Nh7 19. h5 bxc4 20. bxc4 Rb2 21. f4 exf4 22.
Bxd4 cxd4 23. Rf2 Bh4 24. Re2 Bg3 25. Ndf1 Rxa2 26. Rxa2 Qxa2 27. Qf3 Ng5 28.
Qd1 Bf2+ 29. Kh1 Be3 30. Rc2 Qa3 31. Qe2 Be6 32. Ra2 Qc5 33. Qb2 f3 34. Nxe3
dxe3 35. Nxf3 Bxg4 36. Nd4 e2 37. Nxe2 Nf3 38. Bxf3 Bxf3+ 39. Kh2 Qxh5+ 0-1

[Event "XXXII Festival Conca della Presolana Magistrale"]
[Site "Bratto - Castione della Presolana ITA"]
[Date "2012.08.24"]
[Round "7"]
[White "Giuriato, Sergio"]
[Black "Petrone, Gianmario"]
[WhiteElo "2003"]
[BlackElo "1957"]
[Result "1/2-1/2"]
[PlyCount "57"]
[EventDate "2012.08.18"]

1. d4 Nf6 2. c4 g6 3. Nf3 Bg7 4. g3 O-O 5. Bg2 d6 6. Nc3 Nc6 7. O-O a6 8. Qd3
e5 9. d5 Nb4 10. Qd1 a5 11. Ne1 Nh5 12. e4 Bd7 13. a3 Na6 14. Nd3 f5 15. exf5
Bxf5 16. Ne4 Bxe4 17. Bxe4 Nf6 18. Bg2 Nd7 19. Rb1 Nac5 20. b4 Nxd3 21. Qxd3
axb4 22. axb4 b6 23. Bh3 Kh8 24. Be6 Qe7 25. h4 c5 26. b5 Nf6 27. Bg5 Qa7 28.
Kg2 Qa2 29. Rbc1 1/2-1/2

[Event "XXXII Festival Conca della Presolana Magistrale"]
[Site "Bratto - Castione della Presolana ITA"]
[Date "2012.08.24"]
[Round "7"]
[White "Gonella, Daniele"]
[Black "Viaggi, Stefano"]
[WhiteElo "2157"]
[BlackElo "2045"]
[Result "1-0"]
[PlyCount "83"]
[EventDate "2012.08.18"]

1. e4 g6 2. d4 Bg7 3. f4 d5 4. e5 h5 5. c4 c6 6. Nc3 Nh6 7. cxd5 cxd5 8. Qb3
Nc6 9. Nf3 Nf5 10. Bb5 O-O 11. Bxc6 bxc6 12. O-O Qb6 13. Qd1 a5 14. Na4 Qa7 15.
Re1 e6 16. Be3 Bh6 17. Qd2 Nxe3 18. Qxe3 Rb8 19. Rac1 Rb4 20. b3 Bd7 21. Rc2
Rfb8 22. h3 R8b5 23. Rec1 Bf8 24. g4 hxg4 25. hxg4 Be7 26. Rh2 Bf8 27. Qf2 Bg7
28. Nc5 Be8 29. Qc2 Bf8 30. Qf2 Rxd4 31. Nd3 c5 32. Nxd4 cxd4 33. Qh4 Bg7 34.
Rc8 Rb8 35. Rhc2 Rxc8 36. Rxc8 Qb7 37. Rd8 Qb5 38. Nf2 Bf8 39. a4 Qc6 40. Rb8
Qc1+ 41. Kg2 Bc6 42. Qe7 1-0

[Event "XXXII Festival Conca della Presolana Magistrale"]
[Site "Bratto - Castione della Presolana ITA"]
[Date "2012.08.24"]
[Round "7"]
[White "Janev, Evgeni"]
[Black "Jerez Perez, Alfonso"]
[WhiteElo "2457"]
[BlackElo "2412"]
[Result "1-0"]
[PlyCount "77"]
[EventDate "2012.08.18"]

1. e4 c5 2. Nf3 d6 3. d4 Nf6 4. Nc3 cxd4 5. Nxd4 Nc6 6. g3 Nxd4 7. Qxd4 g6 8.
e5 dxe5 9. Qxe5 Bg7 10. Bg2 O-O 11. O-O Bf5 12. Qb5 Bxc2 13. Qxb7 Rb8 14. Qxa7
e5 15. Bg5 Rxb2 16. Nd5 e4 17. Rad1 Bxd1 18. Rxd1 Qxd5 19. Rxd5 Nxd5 20. Bxe4
Nc3 21. Bf3 Rxa2 22. Qd7 Ra1+ 23. Kg2 f5 24. Be7 Rb8 25. Bd6 Rab1 26. Be5 Bxe5
27. Qe6+ Kf8 28. Qxe5 R1b3 29. Bc6 Kf7 30. h4 h5 31. Qc7+ Kg8 32. Qd6 Kg7 33.
Qe7+ Kh6 34. Be8 R3b6 35. Qe3+ f4 36. Qxf4+ Kh7 37. Qc7+ Kh6 38. Qxc3 Rxe8 39.
Qc1+ 1-0

[Event "XXXII Festival Conca della Presolana Magistrale"]
[Site "Bratto - Castione della Presolana ITA"]
[Date "2012.08.24"]
[Round "7"]
[White "Lavorgna, Giovanni"]
[Black "Radice, Luca"]
[WhiteElo "2091"]
[BlackElo "2029"]
[Result "0-1"]
[PlyCount "146"]
[EventDate "2012.08.18"]

1. e4 e6 2. d4 d5 3. e5 c5 4. c3 Nc6 5. Nf3 Bd7 6. Bd3 cxd4 7. cxd4 Qb6 8. Nc3
Nxd4 9. Nxd4 Qxd4 10. Qe2 Bb4 11. O-O Qb6 12. Bg5 a6 13. Rac1 Be7 14. Bd2 h5
15. Kh1 g6 16. b4 Qd8 17. b5 axb5 18. Nxb5 Bxb5 19. Bxb5+ Kf8 20. Rc2 Kg7 21.
Rfc1 Ba3 22. Rb1 Nh6 23. Bd3 b6 24. Bb4 Qh4 25. g3 Qxb4 26. Rxb4 Bxb4 27. Qf3
Ng4 28. Qf4 Bc5 29. h3 Nh6 30. Qf6+ Kh7 31. g4 hxg4 32. hxg4 Kg8 33. Kg2 Nxg4
34. Qg5 Ra4 35. Bxg6 fxg6 36. Qxg6+ Kf8 37. Qxe6 Rh2+ 38. Kf1 Rf4 39. Qc8+ Kg7
40. Qd7+ Kg6 41. Qe6+ Kg5 42. Qg8+ Kf5 43. Qf7+ Kxe5 44. Qg7+ Kf5 45. Qd7+ Kg6
46. Qe8+ Kg7 47. Qd7+ Kh6 48. Qe6+ Nf6 49. a4 Rhxf2+ 50. Rxf2 Rxf2+ 51. Ke1 Kg6
52. Kd1 Rf4 53. Qc6 Rd4+ 54. Ke2 Rc4 55. Kd3 Kg5 56. Qb5 Rd4+ 57. Kc2 Rb4 58.
Qc6 Kf5 59. Qc8+ Ke5 60. Qc7+ Kd4 61. Qg7 Rc4+ 62. Kd1 Ke5 63. Qc7+ Bd6 64.
Qxb6 Rxa4 65. Qb2+ Ke6 66. Qb7 Ra2 67. Qb3 Rh2 68. Qe3+ Ne4 69. Qf3 Ke5 70. Qf7
Kd4 71. Qg7+ Kd3 72. Kc1 Ba3+ 73. Kb1 Nc3+ 0-1

[Event "XXXII Festival Conca della Presolana Magistrale"]
[Site "Bratto - Castione della Presolana ITA"]
[Date "2012.08.24"]
[Round "7"]
[White "Llaneza Vega, Patricia"]
[Black "Reduzzi, Maurizio"]
[WhiteElo "2238"]
[BlackElo "2103"]
[Result "1-0"]
[PlyCount "66"]
[EventDate "2012.08.18"]

1. e4 e6 2. d4 d5 3. Nc3 Bb4 4. a3 Bxc3+ 5. bxc3 dxe4 6. Qg4 Nf6 7. Qxg7 Rg8 8.
Qh6 Nbd7 9. Ne2 c5 10. Ng3 Rg6 11. Qe3 Nd5 12. Qxe4 Nxc3 13. Qd3 Nd5 14. c4
N5f6 15. Be2 cxd4 16. Qxd4 Qa5+ 17. Bd2 Qe5 18. Qxe5 Nxe5 19. Bc3 Ned7 20. O-O
b6 21. Bf3 Rb8 22. Bb4 Ba6 23. Rfe1 Nc5 24. Nf5 Rd8 25. Bc6+ Kf8 26. Ne3 Ng4
27. Be4 f5 28. Nxg4 Rxg4 29. Bf3 Rg6 30. Rad1 Rxd1 31. Rxd1 Ke7 32. Bc6 Bc8 33.
h3 Rg8 1-0

[Event "XXXII Festival Conca della Presolana Magistrale"]
[Site "Bratto - Castione della Presolana ITA"]
[Date "2012.08.24"]
[Round "7"]
[White "Mamedov, Nidjat"]
[Black "Neelotpal, Das"]
[WhiteElo "2614"]
[BlackElo "2469"]
[Result "1/2-1/2"]
[PlyCount "84"]
[EventDate "2012.08.18"]

1. e4 e5 2. Nf3 Nc6 3. Bb5 a6 4. Ba4 Nf6 5. O-O Be7 6. Re1 b5 7. Bb3 O-O 8. h3
Bb7 9. d3 d5 10. exd5 Nxd5 11. Nxe5 Nxe5 12. Rxe5 Qd6 13. Re1 Rae8 14. Nd2 c5
15. Ne4 Qc6 16. c3 Kh8 17. Qf3 f5 18. Ng5 c4 19. dxc4 bxc4 20. Bc2 h6 21. Ne6
Bc5 22. Bxf5 g6 23. Qg3 Bxf2+ 24. Qxf2 Rxf5 25. Nd4 Rxf2 26. Nxc6 Rxg2+ 27.
Kxg2 Rxe1 28. Na5 Ba8 29. Kf2 Rh1 30. Nxc4 Rxh3 31. Bd2 Nf6 32. Rg1 g5 33. Ke1
Bd5 34. Nd6 Ne4 35. Nxe4 Bxe4 36. Rg4 Rh1+ 37. Kf2 Rh2+ 38. Ke3 Bf5 39. Ra4
Rh3+ 40. Kf2 Rh2+ 41. Ke3 Rh3+ 42. Kf2 Rh2+ 1/2-1/2

[Event "XXXII Festival Conca della Presolana Magistrale"]
[Site "Bratto - Castione della Presolana ITA"]
[Date "2012.08.24"]
[Round "7"]
[White "Marguerettaz, Davy"]
[Black "Cattaneo, Marco"]
[WhiteElo "2214"]
[BlackElo "2025"]
[Result "1/2-1/2"]
[PlyCount "46"]
[EventDate "2012.08.18"]

1. d4 d5 2. c4 c6 3. Nf3 Nf6 4. Nc3 e6 5. e3 Nbd7 6. Bd3 dxc4 7. Bxc4 b5 8. Bb3
b4 9. Ne2 Bb7 10. O-O Bd6 11. Ng3 O-O 12. Qe2 c5 13. Rd1 Qb6 14. Bc2 Qc6 15.
Bd2 a5 16. Rac1 Rac8 17. a3 Qb6 18. axb4 axb4 19. dxc5 Nxc5 20. Nd4 Ba6 21. Qf3
Bb7 22. Qe2 Ba6 23. Qf3 Bb7 1/2-1/2

[Event "XXXII Festival Conca della Presolana Magistrale"]
[Site "Bratto - Castione della Presolana ITA"]
[Date "2012.08.24"]
[Round "7"]
[White "Mirzoev, Azer"]
[Black "Roy Chowdhury, Saptarshi"]
[WhiteElo "2545"]
[BlackElo "2391"]
[Result "1-0"]
[PlyCount "103"]
[EventDate "2012.08.18"]

1. d4 Nf6 2. Nf3 c5 3. d5 d6 4. Nc3 g6 5. e4 Bg4 6. Be2 Bxf3 7. Bxf3 Bg7 8. O-O
O-O 9. Bf4 Nbd7 10. Qd2 Ne8 11. Bh6 Bxh6 12. Qxh6 a6 13. a4 Ng7 14. a5 Rc8 15.
Bg4 c4 16. Qd2 f5 17. exf5 gxf5 18. Be2 Rc5 19. Ra4 Rxa5 20. Rxc4 Rc5 21. Rb4
b5 22. Re1 Nf6 23. Rh4 Rf7 24. Qh6 Qc8 25. Bd3 Rxc3 26. bxc3 Qxc3 27. Rd1 Qc5
28. h3 Kf8 29. Ra1 Qc8 30. Qd2 Kg8 31. c4 bxc4 32. Rxc4 Qb7 33. Rb1 Qxd5 34.
Rc8+ Nge8 35. Rbb8 Kf8 36. Qc2 e6 37. Bxa6 Ra7 38. Bf1 Kf7 39. Qc1 Qd4 40. Qh6
Ke7 41. Bb5 Ra1+ 42. Kh2 d5 43. Rxe8+ Kd6 44. Red8+ Ke5 45. Qe3+ Qxe3 46. fxe3
Re1 47. Rb6 Ne4 48. Bd7 Rxe3 49. Rxe6+ Kf4 50. Bc6 Rc3 51. Rxd5 Rc4 52. Rd1 1-0

[Event "XXXII Festival Conca della Presolana Magistrale"]
[Site "Bratto - Castione della Presolana ITA"]
[Date "2012.08.24"]
[Round "7"]
[White "Moncelli, Giorgio"]
[Black "Casagrande, Fabio"]
[WhiteElo "2070"]
[BlackElo "1981"]
[Result "1/2-1/2"]
[PlyCount "99"]
[EventDate "2012.08.18"]

1. e4 e6 2. d4 d5 3. e5 c5 4. c3 Qb6 5. Nf3 Bd7 6. Be2 Bb5 7. c4 Bxc4 8. Bxc4
Qb4+ 9. Nbd2 dxc4 10. O-O Nc6 11. dxc5 O-O-O 12. Qe2 Bxc5 13. Nxc4 Kb8 14. b3
Qc3 15. Bb2 Qd3 16. Qxd3 Rxd3 17. Rad1 Rxd1 18. Rxd1 Nh6 19. Ng5 Ng4 20. Ne4
Be7 21. h3 Nh6 22. g4 Rf8 23. Ncd6 f5 24. exf6 gxf6 25. Re1 f5 26. Bg7 fxe4 27.
Bxh6 Bxd6 28. Bxf8 Bxf8 29. Rxe4 e5 30. f4 Bg7 31. f5 Kc7 32. g5 Kd6 33. Rh4
Nd4 34. f6 Bf8 35. Kf2 Ne6 36. Rxh7 Nxg5 37. Rxb7 Ke6 38. h4 Bc5+ 39. Ke2 Nf7
40. Rc7 Bd4 41. Rc6+ Kd5 42. Ra6 e4 43. Ra5+ Ke6 44. Ra4 Kd5 45. Ra6 Bb6 46.
Ra4 Ke5 47. Rc4 Nd6 48. Rc6 Kd5 49. Rc1 Ke6 50. Rc6 1/2-1/2

[Event "XXXII Festival Conca della Presolana Magistrale"]
[Site "Bratto - Castione della Presolana ITA"]
[Date "2012.08.24"]
[Round "7"]
[White "Montani, Francesco"]
[Black "Bellia, Fabrizio"]
[WhiteElo "2214"]
[BlackElo "2451"]
[Result "0-1"]
[PlyCount "39"]
[EventDate "2012.08.18"]

1. Nf3 Nf6 2. c4 c5 3. g3 Nc6 4. Bg2 g6 5. O-O Bg7 6. Nc3 O-O 7. d4 cxd4 8.
Nxd4 Nxd4 9. Qxd4 d6 10. Qh4 Be6 11. Bxb7 Rb8 12. Bg2 Qa5 13. Nd5 Bxd5 14. cxd5
Rfc8 15. Rd1 Rc2 16. Bf3 Rb4 17. Qg5 Qc7 18. Rb1 Ne4 19. Bxe4 Rxe4 20. Bf4 0-1

[Event "XXXII Festival Conca della Presolana Magistrale"]
[Site "Bratto - Castione della Presolana ITA"]
[Date "2012.08.24"]
[Round "7"]
[White "Podini, Francesco"]
[Black "Pantaleoni, Claudio"]
[WhiteElo "2021"]
[BlackElo "2161"]
[Result "0-1"]
[PlyCount "102"]
[EventDate "2012.08.18"]

1. e4 c5 2. Nc3 a6 3. f4 b5 4. d3 Bb7 5. Nf3 e6 6. g3 b4 7. Nb1 d5 8. Nbd2 Nf6
9. Qe2 Nc6 10. c3 Be7 11. Bg2 O-O 12. O-O a5 13. e5 Nd7 14. c4 Nb6 15. h4 dxc4
16. dxc4 Nd4 17. Qf2 Nxf3+ 18. Bxf3 Bxf3 19. Qxf3 Qd4+ 20. Qf2 Rfd8 21. Qxd4
Rxd4 22. b3 a4 23. Nf3 Rd3 24. Rb1 Rad8 25. Kf2 Rc3 26. Ne1 Rd1 27. Ng2 Rc2+
28. Kg1 Rxf1+ 29. Kxf1 Rxa2 30. Ne3 axb3 31. Ke1 h6 32. Rxb3 Nxc4 33. Nxc4 Rc2
34. Nd6 Rxc1+ 35. Kd2 Rf1 36. Rd3 g5 37. hxg5 hxg5 38. Ke2 Rc1 39. Kd2 Rg1 40.
f5 Rg2+ 41. Kd1 exf5 42. Nxf5 Bf8 43. Rf3 Bg7 44. Nd6 Bxe5 45. Nxf7 Bxg3 46.
Nxg5 c4 47. Ne4 Be5 48. Rf5 Bg7 49. Rg5 Rxg5 50. Nxg5 b3 51. Ne4 c3 0-1

[Event "XXXII Festival Conca della Presolana Magistrale"]
[Site "Bratto - Castione della Presolana ITA"]
[Date "2012.08.24"]
[Round "7"]
[White "Rambaldi, Francesco"]
[Black "Negro, Roberto"]
[WhiteElo "2272"]
[BlackElo "2117"]
[Result "1-0"]
[PlyCount "59"]
[EventDate "2012.08.18"]

1. d4 Nf6 2. c4 e6 3. Nc3 Bb4 4. g3 O-O 5. Bg2 d5 6. a3 Be7 7. Nf3 Nbd7 8. Ne5
c6 9. f4 Nxe5 10. dxe5 Nd7 11. cxd5 cxd5 12. O-O b6 13. e4 Ba6 14. exd5 Bc5+
15. Kh1 Bxf1 16. Qxf1 exd5 17. Nxd5 Rc8 18. Qd3 Re8 19. b4 Bf8 20. Bb2 Nb8 21.
Bh3 Rc6 22. Rd1 Kh8 23. Qb3 Rh6 24. Nf6 Qxd1+ 25. Qxd1 gxf6 26. Qd5 Kg8 27. e6
fxe6 28. Bxe6+ Kh8 29. f5 Bg7 30. h4 1-0

[Event "XXXII Festival Conca della Presolana Magistrale"]
[Site "Bratto - Castione della Presolana ITA"]
[Date "2012.08.24"]
[Round "7"]
[White "Ranfagni, Stefano"]
[Black "Gentili, Gianguido"]
[WhiteElo "1980"]
[BlackElo "2169"]
[Result "1-0"]
[PlyCount "133"]
[EventDate "2012.08.18"]

1. e4 d6 2. d4 Nf6 3. Nc3 e5 4. Nf3 Nbd7 5. Bc4 Be7 6. h3 O-O 7. Be3 c6 8. O-O
b5 9. Bd3 a6 10. dxe5 dxe5 11. Nh2 Bc5 12. Bxc5 Nxc5 13. b4 Ne6 14. a4 Qd4 15.
Na2 Nf4 16. Nf3 Qd6 17. Nc1 N6h5 18. Ne2 Qg6 19. Nxf4 Nxf4 20. Nh4 Qg5 21. g3
Bxh3 22. Re1 Bg4 23. Qc1 Nh3+ 24. Kg2 Nf4+ 25. gxf4 Qxh4 26. Rh1 Qf6 27. f5 g6
28. Qh6 Qg7 29. Qg5 h5 30. f3 f6 31. Qh4 g5 32. Qf2 Bxf3+ 33. Qxf3 h4 34. Qh5
Rfd8 35. Kf3 Kf8 36. axb5 axb5 37. Rag1 Ke7 38. Qxh4 Rh8 39. Qf2 Kd7 40. Qb6
Rhb8 41. Qc5 Kc7 42. Ra1 Rxa1 43. Rxa1 Qh7 44. Ra7+ Rb7 45. Rxb7+ Kxb7 46. Qg1
Qe7 47. c3 Qf7 48. Ke3 Qa2 49. Qf2 Qa1 50. Kd2 Qh1 51. Qf1 Qh2+ 52. Qe2 Qh1 53.
Bc2 Qg1 54. Bd1 Qa7 55. Qh2 Qa2+ 56. Bc2 Qf7 57. Qh6 Kb6 58. Qg6 Qf8 59. Bd3
Kc7 60. Be2 Kb6 61. Bh5 Qd6+ 62. Kc2 Qd8 63. Qe8 Qc7 64. Qe6 Qg7 65. Be8 g4 66.
Qxc6+ Ka7 67. Bd7 1-0

[Event "XXXII Festival Conca della Presolana Magistrale"]
[Site "Bratto - Castione della Presolana ITA"]
[Date "2012.08.24"]
[Round "7"]
[White "Sala, Giovanni"]
[Black "Gerola, Fausto"]
[WhiteElo "2022"]
[BlackElo "2199"]
[Result "1/2-1/2"]
[PlyCount "101"]
[EventDate "2012.08.18"]

1. c4 e5 2. g3 Nf6 3. Bg2 Nc6 4. Nc3 Bb4 5. Nd5 Nxd5 6. cxd5 Nb8 7. e3 Qe7 8.
a3 Ba5 9. Ne2 O-O 10. O-O d6 11. b4 Bb6 12. Nc3 a6 13. Qc2 f5 14. d3 Bd7 15.
Bd2 Be8 16. Rac1 c5 17. Na4 Bxa4 18. Qxa4 Nd7 19. Qb3 Ba7 20. Kh1 b5 21. Qb1
Rac8 22. Bh3 Kh8 23. f3 Qg5 24. Qc2 Qh5 25. Kg2 Nb6 26. Qa2 c4 27. e4 fxe4 28.
dxe4 Rc7 29. Bg4 Qe8 30. Be3 Na4 31. Bxa7 Rxa7 32. Qf2 Raf7 33. Be6 Rc7 34. Qe3
g6 35. f4 exf4 36. Qd4+ Rg7 37. gxf4 Qe7 38. Kh1 c3 39. e5 h6 40. Rf3 Kh7 41.
Rcf1 Qc7 42. exd6 Qxd6 43. f5 gxf5 44. Bxf5+ Kh8 45. Qh4 Qf6 46. Qf2 Qg5 47.
Be4 Rfg8 48. Rg3 Qe5 49. Rxg7 Qxg7 50. Qf5 c2 51. Qf2 1/2-1/2